Sportif français de l'année Eurosport - Statistiques

Statistiques générales
  • Ce quiz a été pris 223 fois
  • Le résultat moyen est 7 sur 17
Statistiques - réponses
Hint Réponse % Correct
2016 Teddy Riner
82%
2017 Martin Fourcade
69%
2018 Martin Fourcade
69%
2015 Florent Manaudou
51%
2004 Laure Manaudou
51%
2014 Renaud Lavillenie
49%
2013 Tony Parker
47%
2019 Julian Alaphilippe
44%
2020 Julian Alaphilippe
44%
2007 Sébastien Loeb
41%
2009 Sébastien Loeb
41%
2010 Sébastien Loeb
41%
2011 Sébastien Loeb
41%
2008 Alain Bernard
23%
2012 Yannick Agnel
15%
2006 Amélie Mauresmo
13%
2005 Ladji Doucouré
3%
Aucun quiz correspondant
Distribution des résultats
% des personnes avec chaque résultat
Percentile par nombre de réponses
Votre historique - résultats
Vous n’avez pas pris ce quiz